Vista normal
Vista MARC
Entrada Topical Term
Número de registros utilizados en: 2
001 - CONTROL NUMBER
- control field: 67109
003 - CONTROL NUMBER IDENTIFIER
- control field: OSt
005 - DATE AND TIME OF LATEST TRANSACTION
- control field: 20251112131730.0
008 - FIXED-LENGTH DATA ELEMENTS
- fixed length control field: 251112|| aca||aabn | a|a d
040 ## - CATALOGING SOURCE
- Original cataloging agency: OSt
- Transcribing agency: OSt
150 ## - HEADING--TOPICAL TERM
- Topical term or geographic name entry element: Dibujo al pastel
- Form subdivision: Manuales, vademécum, etc
670 ## - SOURCE DATA FOUND
- Source citation: Work cat.: (OSt)59904: Manrique, Ana, 1964- aut 66320, Todo sobre la técnica del pastel /